| 000 | 00429 a2200157 4500 | ||
|---|---|---|---|
| 999 |
_c3093 _d3093 |
||
| 020 | _a9781313452991 | ||
| 050 | _aK430 LEE 1915 | ||
| 100 |
_aLEE, R.W. _eauthor |
||
| 245 |
_aAn introduction to Roman- Dutch Law / _cR. W. Lee, B. C. L. and M.A |
||
| 264 |
_aEngland : _bHardPress, _c1915 |
||
| 300 | _a360p.: | ||
| 500 | _aIncludes index | ||
| 650 |
_aRoman- Dutch _x Law |
||
| 651 | _aRoman- Dutch | ||
| 942 |
_2lcc _cBK _h430 _iLEE _kK |
||